Statistics for Total Drama Characters Quiz

Click here to take the quiz!

General Stats

  • This quiz has been taken 1,549 times
    (1,531 since last reset)
  • The average score is 48 of 84

Answer Stats

CharacterTDITDATDWTTDROTITDASTDPITDPRR% Correct
B12th
95%
Gwen2nd/1st12th9th4th
94%
Owen2nd/1st3rd8th8th
94%
Duncan4th2nd/1st5th8th
93%
Heather3rd9th2nd/1st10th
93%
Courtney14th4th7th/6th5th
89%
Noah21st11th8th
88%
Beth16th2nd/1st
87%
Ezekiel22nd18th
87%
Eva12th
86%
Katie19th
86%
Lindsay9th6th14th14th
86%
Cody17th3rd
85%
Geoff6th15th/14th2nd/1st
85%
Sadie15th
85%
Bridgette10th15th/14th16th
83%
Izzy7th10th13th
83%
Harold13th5th17th
82%
Leshawna5th8th15th
82%
Dj8th11th12th
81%
Alejandro2nd/1st6th
80%
Justin20th7th
80%
Trent11th13th
80%
Tyler18th10th
79%
Mike6th2nd/1st
77%
Sierra4th9th
76%
Zoey3rd2nd/1st
74%
Jo5th12th
73%
Cameron2nd/1st7th
70%
Lightning2nd/1st13th
70%
Scott4th3rd
69%
Sam10th11th
68%
Dawn11th
66%
Dakota7th
63%
Shawn2nd/1st
61%
Brick9th
59%
Sky2nd/1st
59%
Amy12th
56%
Dave7th
56%
Max5th
56%
Sugar3rd
56%
Jasmine4th
55%
Staci13th
54%
Anne Maria8th
52%
Leonard13th18th
52%
Scarlett6th
52%
Blainely7th/6th
51%
Ella9th
51%
Beardo14th
50%
Emma4th
50%
Kitty4th
49%
Samey10th
49%
Brody2nd/1st
47%
Topher8th
45%
Rodney11th
44%
MacArthur2nd/1st
41%
Crimson7th
39%
Ennui7th
38%
Junior9th
38%
Carrie5th
36%
Josee3rd
36%
Devin5th
35%
Ryan6th
35%
Sanders2nd/1st
35%
Dwayne9th
34%
Tammy18th
34%
Jacques3rd
33%
Stephanie6th
33%
Mickey12th
32%
Tom14th
32%
Mary16th
31%
Rock10th
31%
Spud10th
31%
Taylor13th
31%
Kelly13th
30%
Chet11th
29%
Ellody16th
29%
Jen14th
29%
Lorenzo11th
29%
Miles15th
29%
Pete17th
29%
Jay12th
28%
Gerry17th
27%
Laurie15th
27%

Score Distribution

Percentile by Number Answered

Percent of People with Each Score

Your Score History

You have not taken this quiz since the last reset